000 00517nam a2200169Ia 4500
005 20250508152259.0
008 008 250505s9999 xx 000 0 eng d
037 _aTextual
040 _aFEDL
_beng
_cFEDL
041 _aeng
_2eng
084 _a364.36, UNI
_qFEDL
245 0 _aComparative survey of juvenile delinquency
260 _aNew York, USA
_bUnited Nations Department of Economic and Social Affairs
_c1958
300 _avii,184p
942 _cTEXL
_h364.36, UNI
999 _c1335476
_d1335476